000
00302nam a2200133Ia 4500
008
150201s2007 xx 000 0 und d
082
_a
618.92
_b
M07W
100
_a
WHO
245
_a
MANAGING NEWBORN PROBLEMS
250
_a
1ST
260
_b
AITBS
_a
DELHI
_c
2007
650
_a
PAEDIATRICS
942
_2
ddc
_c
BK
999
_c
737
_d
737